Name That Color #1 - Statistics

General Stats
  • This quiz has been taken 22 times
  • The average score is 3 of 8
Answer Stats
Picture Answer % Correct
Claret
85%
Teal
77%
Lilac
54%
Scarlet
38%
Cornflower
15%
Amber
8%
Rust
8%
Xanadu
8%
No matching quizzes found
Score Distribution
Percent of People with Each Score
Percentile by Number Answered
Your Score History
You have not taken this quiz